Prečo zachovať hotovosť
Dôvody pre zachovanie a naopak dôvody na zrušenie hotovostných peňazí. Monetárne experimenty a tradičné nástroje monetárnej politiky. Riziká bezhotovostnej ekonomiky. Finančné krízy a kreditné riziko. Sociálne a psychologické efekty hotovosti.
Guardado en:
| Autor principal: | |
|---|---|
| Formato: | Capítulo de libro |
| Lenguaje: | eslovaco |
| Materias: | |
| Etiquetas: |
Sin Etiquetas, Sea el primero en etiquetar este registro!
|
MARC
| LEADER | 00000naa a2200000 4500 | ||
|---|---|---|---|
| 001 | 0230113 | ||
| 005 | 20170516104008.2 | ||
| 041 | 0 | |a slo | |
| 044 | |a SK | ||
| 245 | 1 | 0 | |a Prečo zachovať hotovosť |c Martin Vlachynský |
| 520 | |a Dôvody pre zachovanie a naopak dôvody na zrušenie hotovostných peňazí. Monetárne experimenty a tradičné nástroje monetárnej politiky. Riziká bezhotovostnej ekonomiky. Finančné krízy a kreditné riziko. Sociálne a psychologické efekty hotovosti. | ||
| 610 | 2 | 0 | |a peniaze |
| 610 | 2 | 0 | |a hotovosť |
| 610 | 2 | 0 | |a hodnota |
| 610 | 2 | 0 | |a nástroje politiky menovej |
| 610 | 2 | 0 | |a politika menová |
| 610 | 2 | 0 | |a kríza finančná |
| 610 | 2 | 0 | |a riziko finančné |
| 610 | 2 | 0 | |a kredibilita |
| 100 | 1 | |a Vlachynský, Martin | |